000 01449nam a22002777a 4500
001 EPSA 0269
003 gtcocun
005 20250919172456.0
006 a||||gr|||| 00| 0
007 ta
008 250919b2024 gt ||||| m||| 00| 0 eng d
040 _agtcocun
_bSPA
_cgtcocun
_eRDA
041 _aSPA EPSA 0269
084 _0EPSA 0269
100 _aBuc Pop, Shinthia Dayana
_eAutor
245 _aINFORME FINAL DEL EJERCICIO PROFESIONAL SUPERVISADO, REALIZADO EN DEPARTAMENTO DE DIRECCIÓN Y PLANIFICACIÓN DEL CENTRO UNIVERSITARIO DEL NORTE CUNOR COBÁN, ALTA VERAPAZ/
_cShinthia Dayana Buc Pop.
_hImpreso
264 _aCobán, Alta Verapaz:
_bUniversidad de San Carlos de Guatemala, Centro Universitario del Norte, Licenciatura en Administración de Empresas
_c2024
300 _a41 p.:
_bIlustraciones, gráficas.
_c28 cm;
502 _eEPSA 0269
502 _aEjercicio Profesional Supervisado
_bLicenciatura en Administración de Empresas,
_cUniversidad de San Carlos de Guatemala, Centro Universitario del Norte, Licenciatura en Administración de Empresas
_d2024
_oEPSA 0269
650 _2LEMB
_aCobán, Alta Verapaz
_xAdministración
_xDirección
_xEvaluación
_xAnálisis
_xSupervisión
_xDebilidades
_xProcedimientos
700 _aM.A. Erick Jerónimo Milián Santa Cruz
_eAsesor
856 _uSin archivo en línea.
_zSin archivo en línea.
942 _2ddc
_cTES
_iEPSA 0269
_kClasificación
_n0
_6EPSA_0269_000000000000000
999 _c1996
_d1996